书目信息 |
| 题名: |
电子技术基础
|
|
| 作者: | 康华光 主编 | |
| 分册: | 数字部分 | |
| 出版信息: | 北京 高等教育出版社 1988.10 |
|
| 页数: | 438页 | |
| 开本: | 20cm | |
| 丛书名: | ||
| 单 册: | ||
| 中图分类: | TN101 | |
| 科图分类: | ||
| 主题词: | 真空电子技术--理论 | |
| 电子资源: | ||
| ISBN: | 7-04-001622-2 | |
| 000 | 00697nam0 2200241 45 | |
| 001 | 0189029735 | |
| 005 | 20041224101930.2 | |
| 010 | @a7-04-001622-2@dCNY12.80 | |
| 020 | @aCN@b89029735 | |
| 100 | @a19911017d1988 em y0chiy0120 ea | |
| 101 | 0 | @achi |
| 102 | @aCN@b110000 | |
| 105 | @ay z 000yy | |
| 200 | 10 | @a电子技术基础@Adian zi ji shu ji chu@i数字部分@Ishu zi bu fen@f康华光主编@Fkang hua guang zhu bian |
| 205 | @a3版 | |
| 210 | @a北京@c高等教育出版社@d1988.10@h1998.02第16次印刷 | |
| 215 | @a438页@d20cm | |
| 300 | @a高等学校教材 | |
| 606 | 0 | @a真空电子技术@x理论 |
| 690 | @aTN101@v3 | |
| 701 | 0 | @a康华光@4主编 |
| 801 | 0 | @aCN@bNLC@c19911017 |
| 905 | @dTN101@e15:2=3@f1@b280805 | |
| 电子技术基础.数字部分/康华光主编.-3版.-北京:高等教育出版社,1988.10(1998.02第16次印刷) |
| 438页;20cm |
| 高等学校教材 |
| ISBN 7-04-001622-2:CNY12.80 |
| ● |
| 相关链接 |
|
|
|
|
正题名:电子技术基础
索取号:TN101/15:2=3
 
预约/预借
| 序号 | 登录号 | 条形码 | 馆藏地/架位号 | 状态 | 备注 |
| 1 | 0280805 | 002808055 | 第三借阅区/ [索取号:TN101/15:2=3] | 在馆 | |
| 2 | 0280806 | 002808064 | 第三借阅区/ [索取号:TN101/15:2=3] | 在馆 | |
| 3 | 0280809 | 002808091 | 第二样本阅览室/ [索取号:TN101/15:2=3] | 在馆 |